[Event "Aragon-chT Honor Descenso"]
[Site "Aragon"]
[Date "2012.04.15"]
[Round "11.23"]
[White "Ramos Sanchez, Martin"]
[Black "Solano Lasierra, Javier"]
[Result "0-1"]
[WhiteElo "1846"]
[BlackElo "2172"]
[PlyCount "76"]
[EventDate "2012.02.04"]
[EventType "team-tourn"]
[EventRounds "11"]
[EventCountry "ESP"]
[SourceTitle "EXT 2014"]
[Source "ChessBase"]
[SourceDate "2013.11.20"]
[SourceVersion "1"]
[SourceVersionDate "2013.11.20"]
[SourceQuality "1"]
[WhiteTeam "IberCaja II"]
[BlackTeam "La Aurora Estadilla"]
[WhiteTeamCountry "ESP"]
[BlackTeamCountry "ESP"]

1. e4 e6 2. d4 d5 3. exd5 exd5 4. Bd3 Bd6 5. Nf3 Nc6 6. c3 Bg4 7. 0-0 Nge7 8. Be3 Qd7 9. Nbd2 0-0-0 10. b4 f5 11. Bg5 h6 12. Bxe7 Nxe7 13. a4 Ng6 14. Qc2 Rdf8 15. b5 Nf4 16. b6 cxb6 17. Bb5 Qc7 18. a5 bxa5 19. Qb1 a6 20. Bd3 Nxd3 21. Qxd3 b5 22. h3 Bxf3 23. Qxf3 Rd8 24. Qxf5+ Kb8 25. Qd3 a4 26. Rfb1 Kc8 27. Kh1 Rhf8 28. Nf3 Rde8 29. Re1 a3 30. Rxe8+ Rxe8 31. Qf5+ Kb7 32. Qxd5+ Qc6 33. Qb3 Rc8 34. Rc1 Qc4 35. Qc2 b4 36. Qg6 Qc7 37. c4 b3 38. c5 b2 0-1

[Event "Zaragoza op"]
[Site "Zaragoza"]
[Date "2011.08.27"]
[Round "1"]
[White "Cifuentes Parada, Roberto"]
[Black "Ramos Sanchez, Martin"]
[Result "1-0"]
[WhiteElo "2523"]
[BlackElo "1844"]
[PlyCount "23"]
[EventDate "2011.08.27"]
[EventType "swiss"]
[EventRounds "9"]
[EventCountry "ESP"]
[SourceTitle "CBM 144 Extra"]
[Source "ChessBase"]
[SourceDate "2011.10.28"]
[SourceVersion "1"]
[SourceVersionDate "2011.10.28"]
[SourceQuality "1"]

1. d4 Nf6 2. Nf3 e6 3. Bg5 Bb4+ 4. c3 Be7 5. Nbd2 d5 6. e3 0-0 7. Bd3 b6 8. Ne5 Bb7 9. 0-0 Nbd7 10. Qa4 Nxe5 11. dxe5 Nd7 12. Qh4 1-0